Krása na balkóny a terasy

Bibliographic Details
Main Author: Zaťko, Norbert (Author)
Format: Article
Language:Slovak
PhysicalDescription:Fotogr.
ISSN:0862-5565
Subjects:

MARC

LEADER 00000nab a2200000 a 4500
001 vtls000878465
003 SK-MaSNL
005 20260302160926.0
008 180205c2004 xo 0 slo
015 |a SNBRB2004/07-20845 
035 |a CLN000230014 
040 |a SNKBUCL  |b slo  |c SNKBUCL  |e AACR2 
041 0 |a slo 
044 |a xo  |c SK 
080 |a 635.921  |2 UDC-MRF-SK2 
100 1 |a Zaťko, Norbert  |4 aut  |9 783446 
245 1 0 |a Krása na balkóny a terasy  |c Norbert Zaťko 
300 |b Fotogr. 
650 0 7 |a balkónové rastliny  |2 SNKPH  |9 30803 
655 7 |a články z novín a časopisov  |2 SNK  |9 267496 
773 0 |x 0862-5565  |t Záhradkár  |g Roč. 40, č. 5 (2004), s. 74-75 
850 |a Slovenská národná knižnica v Martine 
852 |a SNK  |b KIS3GCP 
958 |a RBX 
999 |c 1375929  |d 1377859